Of serpents and dragons in Islamic art : (Record no. 22705)

000 -LEADER
fixed length control field 01478cam a22003014a 4500
001 - CONTROL NUMBER
control field 16858191
005 - DATE AND TIME OF LATEST TRANSACTION
control field 20170124151538.0
008 - FIXED-LENGTH DATA ELEMENTS--GENERAL INFORMATION
fixed length control field 110706s2011 caua b 001 0 eng
010 ## - LIBRARY OF CONGRESS CONTROL NUMBER
LC control number 2011028454
020 ## - INTERNATIONAL STANDARD BOOK NUMBER
International Standard Book Number 9781568592640 (alk. paper)
040 ## - CATALOGING SOURCE
Original cataloging agency DLC
Transcribing agency DLC
Modifying agency DLC
042 ## - AUTHENTICATION CODE
Authentication code pcc
050 00 - LIBRARY OF CONGRESS CALL NUMBER
Classification number N7745
Item number .D73D36 2011
100 1# - MAIN ENTRY--PERSONAL NAME
Personal name Daneshvari, Abbas.
245 10 - TITLE STATEMENT
Title Of serpents and dragons in Islamic art :
Remainder of title an iconograpical study /
Statement of responsibility, etc. Abbas Daneshvari.
260 ## - PUBLICATION, DISTRIBUTION, ETC. (IMPRINT)
Place of publication, distribution, etc. Costa Mesa, CA :
Name of publisher, distributor, etc. Mazda Publishers,
Date of publication, distribution, etc. 2011.
300 ## - PHYSICAL DESCRIPTION
Extent xxi, 236 p. :
Other physical details ill. ;
Dimensions 24 cm.
490 0# - SERIES STATEMENT
Series statement Bibliotheca Iranica. Islamic art and architecture series ;
Volume/sequential designation no. 13
504 ## - BIBLIOGRAPHY, ETC. NOTE
Bibliography, etc Includes bibliographical references (p. 207-225) and index.
505 0# - FORMATTED CONTENTS NOTE
Formatted contents note Background information -- Names, types and attributes -- The intrepid hero -- Astrocosmological symbolism of the dragon -- The dragon at the navel of the earth -- Hybrid representations of dragons and serpents -- Dragons, opium and "the kitab al-diryaq" -- Dragons in the cult of the saints.
650 #0 - SUBJECT ADDED ENTRY--TOPICAL TERM
Topical term or geographic name as entry element Dragons in art.
650 #0 - SUBJECT ADDED ENTRY--TOPICAL TERM
Topical term or geographic name as entry element Serpents in art.
650 #0 - SUBJECT ADDED ENTRY--TOPICAL TERM
Topical term or geographic name as entry element Islamic art and symbolism.
942 ## - ADDED ENTRY ELEMENTS (KOHA)
Source of classification or shelving scheme
Koha item type Hard Covered Materials
Classification part N7745 .D73D36 2011
Holdings
Withdrawn status Lost status Source of classification or shelving scheme Damaged status Not for loan Home library Current library Shelving location Date acquired Source of acquisition Total Checkouts Full call number Barcode Date last seen Price effective from Koha item type
          MACHAKOS UNIVERSITY LIBRARY MACHAKOS UNIVERSITY LIBRARY Open shelf 24/01/2017 Donation(BFA)   N7745 .D73D36 2011 32087 24/01/2017 24/01/2017 Hard Covered Materials
© Machakos University Library, Along The Highway, Machakos Wote Rd, Machakos, Kenya P.O. Box 136 - 90100 Machakos - Kenya

Tel: ( +254 ) 723 805829 OR Fax : 044-20353 OR Email: library@mksu.ac.ke